000 01198cam a22003257a 4500
003 CHAP
005 20220329141525.0
008 971013s1986 r 00010 d
010 _a69538
011 _a70510
035 _a79991
040 _cCHAP
090 _aTesis
100 0 0 _aRíos García, José Refugio.
_999199
245 1 0 _aDificultades de la Organización colectiva estudio de caso
_b: Ejido Las Delicias, Municipio de Rosales, Chihuahua
260 _aChihuahua, Chih. :
_bEl autor,
_c1986
300 _a48 h.
_b: ilus. ; gráfs.
502 _aTesis (Ing. Agrónomo) -- UACH. Departamento de Zonas Aridas
590 _aALEPH
_b10
_c20130110
_lUCH01
_h1408
590 _aBATCH-UPD
_b10
_c20130110
_lUCH01
_h0807
590 _aBATCH-UPD
_b10
_c20130410
_lUCH01
_h0445
590 _aBATCH-UPD
_b10
_c20130914
_lUCH01
_h1045
590 _aCONVERSION
_b10
_c20130109
_lUCH01
_h1338
650 1 4 _aAgricultura cooperativa
_xChihuahua.
_91958
650 1 4 _aCooperativismo
_xChihuahua.
_927792
790 _aOperatividad del Crédito y Seguro Agrícola en el desarrollo agropecuario en el Estado de Chihuahua
901 _aBK
942 _cTESIS
949 _bBC
_cTES
_d-32883
_eTS1
_h22173
_i79991
_si
999 _c69538
_d69538